| 000 | 00478nam a22001817a 4500 | ||
|---|---|---|---|
| 005 | 20230821111254.0 | ||
| 008 | 230818b |||||||| |||| 00| 0 eng d | ||
| 020 | _a978-95-86261-79-3 | ||
| 041 | _aeng | ||
| 082 | _a612 EBN-E | ||
| 100 |
_aEBNEZAR, JOHN AND JOHN, RAKESH _98114 |
||
| 245 | _aESSENTIAL'S OF ORTHOPAEDICS FOR PHYSIOTHERAPISTS | ||
| 250 | _a3RD ED, 2017 | ||
| 260 |
_aNEW DELHI _bJAYPEE BROTHERS _c2017 |
||
| 300 | _a592;P | ||
| 650 |
_aBPT _98115 |
||
| 942 | _cBK | ||
| 999 |
_c8389 _d8387 |
||